00487nam a2200145Ia 4500008004100000245010800041260001700149260000900166300000900175650002300184650001200207856003000219999001900249952007300268170516s9999 xx 000 0 und d aPhoto-decomposable Organic Nanoparticles for Combined Tumor Optical Imaging and Multiple Phototherapies bTheranostics c2016 a6:13 xMedical Technology xMedtech uhttp://www.thno.org/v6i13 c330623d330623 001040aCLbCLd2017-05-16l0r2017-05-16 00:00:00w2017-05-16yFOJ